[Event "MFR_QT_2015"]
[Site "Nürnberg"]
[Date "2015.04.01"]
[Round "2.12"]
[White "Rummel, Gerald"]
[Black "Birkmann, Günther"]
[Result "0-1"]
[WhiteElo "1809"]
[BlackElo "2052"]
[PlyCount "66"]
[EventDate "2015.??.??"]
[WhiteTeam "SC Anderssen Nbg"]
[BlackTeam "SK Zirndorf e.V."]

1. Nf3 d5 2. c4 e6 3. b3 Nf6 4. g3 Be7 5. Bg2 O-O 6. Bb2 b6 7. O-O Bb7 8. Nc3
d4 9. Nb5 c5 10. e3 a6 11. Na3 Nc6 12. exd4 Nxd4 13. Nxd4 Bxg2 14. Nxe6 fxe6
15. Kxg2 Qd6 16. d4 cxd4 17. Nc2 e5 18. f3 Qc6 19. Qe2 Bd6 20. Rad1 Rfe8 21.
Kh1 b5 22. Ba3 bxc4 23. Qxc4+ Qxc4 24. bxc4 Bxa3 25. Nxa3 Rab8 26. Rf2 Rb4 27.
Re2 Ra4 28. Rd3 Kf8 29. Rc2 Rc8 30. c5 Ke7 31. Rb3 Rc7 32. Nb1 Ra5 33. c6 Kd6
0-1

[Event "MFR_QT_2015"]
[Site "Nürnberg"]
[Date "2015.04.01"]
[Round "2.13"]
[White "Nam, Siwon"]
[Black "Hoffmann, Sebastian"]
[Result "0-1"]
[WhiteElo "1250"]
[BlackElo "1796"]
[PlyCount "116"]
[EventDate "2015.??.??"]
[WhiteTeam "SC NT Nürnberg"]
[BlackTeam "SC NT Nürnberg"]

1. e4 e5 2. Nf3 Nc6 3. d4 exd4 4. Nxd4 Qh4 5. Nc3 Bb4 6. Nxc6 Qxe4+ 7. Be2 Qxc6
8. Bd2 Bxc3 9. Bxc3 Nf6 10. O-O O-O 11. Qd2 Ne4 12. Qd4 Nxc3 13. Qxc3 Qxc3 14.
bxc3 d5 15. c4 d4 16. h3 c5 17. Rab1 b6 18. Rfc1 Re8 19. Bf3 Rb8 20. Bc6 Rd8
21. c3 Bf5 22. Rb2 Rd6 23. Bf3 d3 24. Rd1 Be6 25. Bg4 Bxc4 26. Kf1 Re8 27. Bf3
d2+ 28. Kg1 Re1+ 29. Kh2 Rxd1 30. Bxd1 Rd3 31. Kg1 g6 32. Kf1 Rxc3+ 33. Kg1 Rc1
34. Rxd2 Bxa2 35. Rxa2 Rxd1+ 36. Kh2 a5 37. Rb2 Rd6 38. g4 c4 39. Rc2 b5 40.
Kg3 a4 41. Kf3 a3 42. Ke4 Rd3 43. f3 f5+ 44. gxf5 gxf5+ 45. Kxf5 Rxf3+ 46. Kg4
Rd3 47. h4 c3 48. Ra2 b4 49. Kf4 Rd2 50. Ra1 c2 51. Rc1 b3 52. Ke3 Rd1 53. Rxd1
cxd1=Q 54. h5 Qxh5 55. Kd2 Qf3 56. Kc1 Qg2 57. Kd1 a2 58. Kc1 a1=R# 0-1

[Event "MFR_QT_2015"]
[Site "Nürnberg"]
[Date "2015.04.01"]
[Round "2.14"]
[White "Schanz, Karlheinz"]
[Black "Majid, Hakim"]
[Result "1-0"]
[WhiteElo "1905"]
[BlackElo "1287"]
[PlyCount "95"]
[EventDate "2015.??.??"]
[WhiteTeam "SC Mühlh.-Reichelsdorf"]
[BlackTeam "SW Nürnberg Süd e.V."]

1. e4 e5 2. Bc4 Be7 3. Nf3 d6 4. Nc3 Nf6 5. d3 O-O 6. h3 c6 7. Bb3 Nbd7 8. Be3
b5 9. a3 a5 10. O-O Bb7 11. Nd2 b4 12. axb4 axb4 13. Rxa8 Qxa8 14. Ne2 d5 15.
f3 Nc5 16. Ng3 Ne6 17. c4 d4 18. Bf2 Nf4 19. Nb1 Qa1 20. Qd2 Qa8 21. Kh2 h6 22.
Nf5 Bc5 23. Bh4 Qd8 24. g4 Kh7 25. Bg3 Ng6 26. Qc1 Re8 27. Nd2 Bc8 28. Bc2 Ne7
29. Nb3 Nxf5 30. exf5 Bd6 31. Nd2 c5 32. Ba4 Re7 33. Ne4 Nxe4 34. fxe4 Ra7 35.
b3 Qf6 36. h4 Kg8 37. g5 hxg5 38. hxg5 Qe7 39. Kg2 f6 40. g6 Qb7 41. Qd1 Bd7
42. Bxd7 Qxd7 43. Qh5 Kf8 44. Qh8+ Ke7 45. Qxg7+ Kd8 46. Qxf6+ Kc7 47. Bxe5
Ra2+ 48. Rf2 1-0

[Event "MFR_QT_2015"]
[Site "Nürnberg"]
[Date "2015.04.01"]
[Round "2.15"]
[White "Röckl, Adelbert"]
[Black "Leibel, Georg"]
[Result "1-0"]
[WhiteElo "1596"]
[BlackElo "1221"]
[PlyCount "77"]
[EventDate "2015.??.??"]
[WhiteTeam "SG Zabo-Eintr Nbg"]
[BlackTeam "SC NT Nürnberg"]

1. c4 e5 2. Nc3 Nc6 3. Nf3 Nf6 4. d3 d5 5. cxd5 Nxd5 6. g3 Bb4 7. Qc2 Bg4 8.
Bd2 Nxc3 9. bxc3 Ba5 10. Bg2 Qf6 11. O-O O-O 12. Rab1 Bb6 13. Qa4 Bd7 14. Qc2
Rad8 15. Bg5 Qg6 16. Bxd8 Rxd8 17. Nd2 Bg4 18. e4 Be2 19. Qc1 Bxd3 20. Rxb6
cxb6 21. Re1 Ne7 22. Qa3 Nc6 23. Qc1 Qg5 24. Nf1 Qf6 25. Ne3 h6 26. Nd5 Qd6 27.
Rd1 Be2 28. Rd2 Bg4 29. h3 Be6 30. Nf6+ gxf6 31. Rxd6 Rxd6 32. Qxh6 Bxa2 33.
Qc1 Bb3 34. Kh2 b5 35. Qa3 Rd2 36. Qxb3 Rxf2 37. Qxb5 Rc2 38. Qb3 Rd2 39. Qxb7
1-0

[Event "MFR_QT_2015"]
[Site "Nürnberg"]
[Date "2015.04.01"]
[Round "2.16"]
[White "Schmucker, Jonas"]
[Black "Grieneisen Pivatto, Tanja"]
[Result "1-0"]
[WhiteElo "1447"]
[BlackElo "1055"]
[PlyCount "55"]
[EventDate "2015.??.??"]
[WhiteTeam "SC NT Nürnberg"]
[BlackTeam "FSV Großenseebach"]

1. e4 e5 2. Bc4 Bc5 3. Qh5 Qf6 4. Nf3 c6 5. Qxe5+ Be7 6. Nc3 d6 7. Qxf6 Nxf6 8.
d4 Nxe4 9. Nxe4 d5 10. Bxd5 cxd5 11. Nc3 Nc6 12. Nxd5 Bd8 13. Bf4 O-O 14. O-O-O
Be6 15. Nc7 Bxc7 16. Bxc7 Bxa2 17. b3 Rac8 18. Bd6 Rfd8 19. Ba3 b5 20. d5 Na5
21. Kb2 Bxb3 22. cxb3 Rd7 23. Rc1 Rb8 24. Bb4 Nb7 25. Ne5 Rxd5 26. Nc6 Ra8 27.
Ne7+ Kf8 28. Nxd5+ 1-0

[Event "MFR_QT_2015"]
[Site "Nürnberg"]
[Date "2015.04.01"]
[Round "2.17"]
[White "Huber, Dominik"]
[Black "Dreiseitel, Werner"]
[Result "0-1"]
[WhiteElo "1087"]
[BlackElo "1571"]
[PlyCount "90"]
[EventDate "2015.??.??"]
[WhiteTeam "SC NT Nürnberg"]
[BlackTeam "SC NT Nürnberg"]

1. e4 e6 2. d4 d5 3. exd5 exd5 4. Bd3 Nf6 5. Qe2+ Be7 6. Bg5 O-O 7. Nf3 Bg4 8.
c4 Bb4+ 9. Nc3 Re8 10. Be3 Nc6 11. h3 Nxd4 12. Bxd4 Rxe2+ 13. Bxe2 Bxf3 14.
Bxf3 dxc4 15. Bxb7 Rb8 16. Ba6 Qxd4 17. O-O Bd6 18. Nb5 Rxb5 19. Bxb5 Qe5 20.
g3 Qxb5 21. Rac1 Qc5 22. Rfe1 Bxg3 23. Rc2 Bd6 24. Rec1 Qe5 25. f3 Qe3+ 26. Kg2
g6 27. Rxc4 Qe2+ 28. Kg1 Qh2+ 29. Kf1 Qxh3+ 30. Kf2 Qh2+ 31. Kf1 Qxb2 32. R1c2
Qb5 33. Kg2 Qg5+ 34. Kf2 Nd5 35. Re2 Kg7 36. Rcc2 Nf4 37. Re4 Nh3+ 38. Ke2 Qh5
39. Rc3 Nf4+ 40. Kf2 Qh2+ 41. Kf1 Qh1+ 42. Kf2 Bc5+ 43. Kg3 Nh5+ 44. Kg4 Qg2+
45. Kh4 Qg3# 0-1

[Event "MFR_QT_2015"]
[Site "Nürnberg"]
[Date "2015.04.01"]
[Round "2.18"]
[White "Dreiseitel, Ursula"]
[Black "Mishurisman, Daniel"]
[Result "1-0"]
[WhiteElo "1483"]
[BlackElo "841"]
[PlyCount "89"]
[EventDate "2015.??.??"]
[WhiteTeam "SC NT Nürnberg"]
[BlackTeam "SC NT Nürnberg"]

1. d4 d5 2. Nf3 Nc6 3. Bf4 Nf6 4. Nbd2 Bf5 5. e3 e6 6. c4 dxc4 7. Bxc4 Bb4 8.
O-O O-O 9. Qb3 Bxd2 10. Nxd2 Na5 11. Qb4 b6 12. Be2 Nd5 13. Qa4 Nxf4 14. exf4
Qe8 15. Qd1 Nc6 16. Nb3 Nb4 17. a3 Bc2 18. Qd2 Bxb3 19. Qxb4 Bd5 20. Rac1 c6
21. Rfe1 a5 22. Qxb6 f6 23. Qc5 Qg6 24. f3 Rfb8 25. Rb1 Rb7 26. Kf2 Qh6 27. Qd6
Qxh2 28. Rh1 Qxh1 29. Rxh1 Rxb2 30. Re1 Rbb8 31. Bd3 Rd8 32. Qc5 Rab8 33. Qxa5
Ra8 34. Qc5 Rf8 35. f5 exf5 36. Bxf5 Rae8 37. Rxe8 Rxe8 38. Bd7 Rf8 39. Bxc6
Bxc6 40. Qxc6 Rd8 41. d5 Rf8 42. Qe6+ Rf7 43. d6 h6 44. d7 h5 45. d8=Q+ 1-0

[Event "MFR_QT_2015"]
[Site "Nürnberg"]
[Date "2015.04.02"]
[Round "3.19"]
[White "Mishurisman, Daniel"]
[Black "Holland, Arthur"]
[Result "0-1"]
[WhiteElo "841"]
[BlackElo "1837"]
[PlyCount "74"]
[EventDate "2015.??.??"]
[WhiteTeam "SC NT Nürnberg"]
[BlackTeam "SG Zabo-Eintr. Nbg"]

1. e4 e5 2. Nf3 Nc6 3. Nc3 Bb4 4. Bc4 Nf6 5. d3 O-O 6. O-O h6 7. Bd2 d6 8. h3
Be6 9. Bxe6 fxe6 10. a3 Ba5 11. Re1 Qd7 12. b4 Bb6 13. b5 Nd4 14. a4 Nxf3+ 15.
Qxf3 Nh7 16. Qe2 Rxf2 17. Qxf2 Bxf2+ 18. Kxf2 Rf8+ 19. Kg1 Qf7 20. Rad1 Qf2+
21. Kh1 Qd4 22. Kh2 Rf6 23. a5 b6 24. Ne2 Qb2 25. Rc1 Qxb5 26. axb6 cxb6 27.
Rb1 Qe8 28. Ra1 Qf7 29. d4 exd4 30. Nxd4 e5 31. Nb5 a5 32. Nc3 Rf2 33. Rad1 Qg6
34. Rg1 Nf6 35. Kh1 Qg3 36. Rdf1 Ng4 37. hxg4 Qh4# 0-1

[Event "MFR_QT_2015"]
[Site "Nürnberg"]
[Date "2015.04.02"]
[Round "3.1"]
[White "Nagel, Felix"]
[Black "Pidtoptanyy, Igor"]
[Result "0-1"]
[WhiteElo "1670"]
[BlackElo "1959"]
[PlyCount "90"]
[EventDate "2015.??.??"]
[WhiteTeam "SC Anderssen Nbg"]
[BlackTeam "SW Nürnberg Süd"]

1. d4 Nf6 2. c4 e6 3. Nf3 d5 4. cxd5 exd5 5. Qc2 Nc6 6. a3 Bg4 7. Nbd2 Bd6 8.
h3 Bd7 9. e3 O-O 10. Bd3 Re8 11. O-O Qe7 12. b4 Ne4 13. Nb3 Qf6 14. Qe2 Qg6 15.
Kh1 Qh6 16. Ng1 b6 17. Re1 Re6 18. Nd2 g5 19. Nxe4 dxe4 20. Bc4 Re7 21. Bd5
Rae8 22. Bb2 Nd8 23. b5 g4 24. Qf1 Qh5 25. Bc4 Ne6 26. g3 Ng5 27. h4 Nf3 28.
Nxf3 gxf3 29. Rac1 Bg4 30. Rc2 Qf5 31. Qg1 Bh3 32. Bf1 Re6 33. Bxh3 Qxh3+ 34.
Qh2 Qf5 35. Rec1 Qxb5 36. Qh3 Rg6 37. g4 Qd7 38. Rg1 h5 39. Qf1 Rxg4 40. d5 Kh7
41. Bf6 Reg8 42. Bg5 Rxg1+ 43. Kxg1 f6 44. Qc4 Qg4+ 45. Kf1 fxg5 0-1

[Event "MFR_QT_2015"]
[Site "Nürnberg"]
[Date "2015.04.02"]
[Round "3.3"]
[White "Müller, Ludwig"]
[Black "Lais, Thomas"]
[Result "0-1"]
[WhiteElo "1601"]
[BlackElo "1936"]
[PlyCount "64"]
[EventDate "2015.??.??"]
[WhiteTeam "SG Nürnberg 1978 e.V."]
[BlackTeam "SW Nürnberg Süd"]

1. Nf3 Nf6 2. c4 g6 3. Nc3 d5 4. e3 Bg7 5. d4 O-O 6. b3 c5 7. cxd5 cxd4 8. Nxd4
Nxd5 9. Bb2 Qa5 10. Qd2 Rd8 11. Bc4 Nb6 12. Ne4 Nxc4 13. bxc4 Qxd2+ 14. Nxd2 e5
15. Nb5 Na6 16. Ne4 Nb4 17. Ke2 Be6 18. Nd2 Rd7 19. Bc3 Nc6 20. Rhd1 Rad8 21.
Na3 Bf8 22. Nc2 Rd3 23. Bb2 Nb4 24. Nxb4 Bxb4 25. Ne4 Rxd1 26. Rxd1 Bxc4+ 27.
Kf3 Rxd1 28. Nf6+ Kf8 29. Bxe5 h5 30. Nh7+ Ke7 31. Bf6+ Ke6 32. Bd4 Be7 0-1

[Event "MFR_QT_2015"]
[Site "Nürnberg"]
[Date "2015.04.02"]
[Round "3.4"]
[White "Süß, Helmut"]
[Black "Gets, Alexej"]
[Result "1/2-1/2"]
[WhiteElo "1955"]
[BlackElo "1643"]
[PlyCount "63"]
[EventDate "2015.??.??"]
[WhiteTeam "SC NT Nürnberg"]
[BlackTeam "SC NT Nürnberg"]

1. d4 e6 2. c4 b6 3. Nc3 Bb4 4. Qb3 Qe7 5. a3 Bxc3+ 6. Qxc3 Bb7 7. Nf3 h6 8. e3
f5 9. Be2 Nf6 10. O-O d6 11. Nd2 Nbd7 12. Bf3 Bxf3 13. Nxf3 Ne4 14. Qc2 a5 15.
Nd2 Ndf6 16. f3 Ng5 17. Re1 O-O 18. Nf1 Qf7 19. Ng3 Nh5 20. Nxh5 Qxh5 21. Qf2
Rf6 22. h4 Nh7 23. Kf1 g5 24. Ke2 e5 25. d5 Rg6 26. Rh1 g4 27. Bd2 g3 28. Qf1
Nf6 29. Be1 f4 30. Kd3 fxe3 31. Kxe3 Rf8 32. Rh3 1/2-1/2

[Event "MFR_QT_2015"]
[Site "Nürnberg"]
[Date "2015.04.02"]
[Round "3.6"]
[White "Walch, Roger"]
[Black "Häßlein, Rainer"]
[Result "0-1"]
[WhiteElo "1757"]
[BlackElo "1510"]
[PlyCount "48"]
[EventDate "2015.??.??"]
[WhiteTeam "SW Nürnberg Süd"]
[BlackTeam "Wolframs-Eschenbach"]

1. e4 e5 2. Bc4 Nc6 3. Nf3 Nd4 4. O-O b5 5. Bb3 Nxb3 6. axb3 d6 7. Nc3 b4 8.
Nd5 Nf6 9. Nxb4 Bb7 10. d3 c5 11. Na2 h6 12. c4 Be7 13. Nc3 O-O 14. h3 Nh7 15.
Nh2 Bg5 16. Bxg5 Nxg5 17. f4 exf4 18. Rxf4 Bc8 19. Qh5 Kh7 20. Rh4 Qf6 21. Qe2
Nxh3+ 22. gxh3 Qxh4 23. Rf1 Qg3+ 24. Kh1 Qxh3 0-1

[Event "MFR_QT_2015"]
[Site "Nürnberg"]
[Date "2015.04.02"]
[Round "3.9"]
[White "Birkmann, Günther"]
[Black "Sroka, Dieter"]
[Result "1-0"]
[WhiteElo "2052"]
[BlackElo "1752"]
[PlyCount "27"]
[EventDate "2015.??.??"]
[WhiteTeam "SK Zirndorf e.V."]
[BlackTeam "SC  JÄKLECHEMIE"]

1. Nf3 Nf6 2. c4 g6 3. Nc3 Bg7 4. g3 O-O 5. Bg2 c5 6. d4 cxd4 7. Nxd4 Nc6 8.
O-O Rb8 9. h3 a6 10. Bf4 Ra8 11. Be3 Rb8 12. c5 e5 13. Nb3 Qe7 14. Qd2 1-0

[Event "MFR_QT_2015"]
[Site "Nürnberg"]
[Date "2015.04.02"]
[Round "3.10"]
[White "Hoffmann, Sebastian"]
[Black "Röckl, Adelbert"]
[Result "1-0"]
[WhiteElo "1796"]
[BlackElo "1596"]
[PlyCount "67"]
[EventDate "2015.??.??"]
[WhiteTeam "SC NT Nürnberg"]
[BlackTeam "SG Zabo-Eintr Nbg"]

1. e4 e5 2. Nf3 Nf6 3. Nc3 d6 4. d4 exd4 5. Nxd4 Be7 6. f4 O-O 7. Bd3 Bg4 8.
Nf3 Nc6 9. h3 Bxf3 10. gxf3 Nd7 11. Be3 Bh4+ 12. Kd2 Nc5 13. Qg1 Nxd3 14. cxd3
f5 15. Qg2 Qd7 16. Rhg1 Bf6 17. Nd5 Bd4 18. Qg5 Bxe3+ 19. Kxe3 Kh8 20. Rg3 Rae8
21. Rag1 Qf7 22. Qxg7+ Qxg7 23. Rxg7 Rg8 24. Rxg8+ Rxg8 25. Rxg8+ Kxg8 26. Nxc7
a6 27. Ne8 fxe4 28. fxe4 d5 29. Nf6+ Kg7 30. Nxd5 Kf7 31. f5 b5 32. Nc7 a5 33.
Nxb5 Nb4 34. a3 1-0

[Event "MFR_QT_2015"]
[Site "Nürnberg"]
[Date "2015.04.02"]
[Round "3.11"]
[White "Hauck, Martin"]
[Black "Schanz, Karlheinz"]
[Result "0-1"]
[WhiteElo "904"]
[BlackElo "1905"]
[PlyCount "100"]
[EventDate "2015.??.??"]
[WhiteTeam "SC NT Nürnberg 1873"]
[BlackTeam "SC Mühlh.-Reichelsdorf"]

1. e4 c5 2. Nc3 Nc6 3. Nf3 d6 4. Be2 g6 5. d4 cxd4 6. Nxd4 Bg7 7. Be3 Bd7 8.
Qd2 Nf6 9. Bh6 O-O 10. Nxc6 bxc6 11. Bxg7 Kxg7 12. O-O Qc7 13. f4 Rad8 14. Rf2
Ng4 15. Bxg4 Bxg4 16. Raf1 Bc8 17. f5 f6 18. fxg6 hxg6 19. Ne2 Ba6 20. b3 Rh8
21. c4 d5 22. Nf4 Kf7 23. h3 dxc4 24. Qc3 g5 25. Ne2 Rd3 26. Rxf6+ Ke8 27. Rxc6
Qxc6 28. Qxh8+ Kd7 29. Rf8 Qb6+ 30. Kh2 cxb3 31. axb3 Rd1 32. Rb8 Qc7+ 33. Ng3
Rd3 34. e5 Re3 35. Qe8+ Ke6 36. Qg6+ Kd5 37. Qf7+ Kxe5 38. Qf5+ Kd4 39. Rb4+
Kc3 40. Qxg5 Qxg3+ 41. Qxg3 Rxg3 42. Kxg3 Kxb4 43. h4 Bd3 44. Kg4 a5 45. h5
Kxb3 46. Kg5 a4 47. Kh6 a3 48. Kg7 a2 49. g4 a1=Q+ 50. Kh6 Qf6# 0-1

[Event "MFR_QT_2015"]
[Site "Nürnberg"]
[Date "2015.04.02"]
[Round "3.12"]
[White "Münzenberg, Dietrich"]
[Black "Chowdhury, Sandip"]
[Result "0-1"]
[WhiteElo "1729"]
[BlackElo "1540"]
[PlyCount "114"]
[EventDate "2015.??.??"]
[WhiteTeam "Zabo-Eintracht Nürnberg"]
[BlackTeam "SC NT Nürnberg"]

1. d4 Nf6 2. Bg5 c5 3. Bxf6 gxf6 4. d5 Qb6 5. b3 f5 6. e3 Na6 7. g3 Bg7 8. c3
Nc7 9. Qd3 Qf6 10. a4 h5 11. Ra2 h4 12. Bg2 Rb8 13. Ne2 b6 14. Nf4 Ba6 15. c4
Bb7 16. Rc2 Na6 17. Qd1 Nb4 18. Rd2 d6 19. Nh5 Qg6 20. Nxg7+ Qxg7 21. Qf3 h3
22. Bf1 Qa1 23. Qxf5 Bc8 24. Qe4 f5 25. Qf4 Qxb1+ 26. Ke2 Qxb3 27. Qg5 Qxc4+
28. Kd1 Qb3+ 29. Kc1 Qc3+ 30. Kd1 Qa1+ 31. Ke2 Qf6 32. Qf4 Ba6+ 33. Kf3 Bxf1
34. Rxf1 Qe5 35. Qc4 Qe4+ 36. Qxe4 fxe4+ 37. Kxe4 Rh5 38. f4 b5 39. axb5 Rxb5
40. g4 Rh8 41. Rc1 Kf7 42. f5 Kf6 43. Kf4 Rg8 44. e4 Na6 45. Ra1 Nb4 46. Rxa7
c4 47. Ra3 Nd3+ 48. Rdxd3 cxd3 49. Rxd3 Rh8 50. g5+ Kg7 51. Kg3 Rb1 52. Kg4
Rg1+ 53. Rg3 Re1 54. Kf3 Rh4 55. Rg4 Rxg4 56. Kxg4 Rxe4+ 57. Kxh3 Rf4 0-1

[Event "MFR_QT_2015"]
[Site "Nürnberg"]
[Date "2015.04.02"]
[Round "3.13"]
[White "Weißmann, Peter"]
[Black "Schmucker, Jonas"]
[Result "1-0"]
[WhiteElo "1795"]
[BlackElo "1447"]
[PlyCount "53"]
[EventDate "2015.??.??"]
[WhiteTeam "SK Zirndorf"]
[BlackTeam "SC NT Nürnberg"]

1. e4 d5 2. exd5 Qxd5 3. Nf3 Bg4 4. Be2 e6 5. O-O Bd6 6. d4 Nc6 7. h3 Bf5 8. c4
Qe4 9. Nc3 Qc2 10. Qxc2 Bxc2 11. d5 exd5 12. cxd5 Nb4 13. a3 Nd3 14. Nd4 Nxc1
15. Raxc1 Bg6 16. Bb5+ Kf8 17. f3 a6 18. Ba4 Bf4 19. Rcd1 b5 20. Bb3 Be3+ 21.
Kh2 Bxd4 22. Rxd4 Rd8 23. Rfd1 Ne7 24. a4 c6 25. dxc6 Rxd4 26. Rxd4 Ke8 27. c7
1-0

[Event "MFR_QT_2015"]
[Site "Nürnberg"]
[Date "2015.04.02"]
[Round "3.15"]
[White "Majid, Hakim"]
[Black "Rummel, Gerald"]
[Result "0-1"]
[WhiteElo "1287"]
[BlackElo "1809"]
[PlyCount "60"]
[EventDate "2015.??.??"]
[WhiteTeam "SW Nürnberg Süd e.V."]
[BlackTeam "SC Anderssen Nbg"]

1. g3 Nf6 2. Bg2 g6 3. d3 Bg7 4. Nf3 O-O 5. c3 d5 6. O-O c6 7. Nbd2 Nbd7 8. a3
e5 9. Nb3 a5 10. Bd2 a4 11. Nc1 e4 12. dxe4 Nxe4 13. Be3 Re8 14. Bd4 Ndf6 15.
e3 Nd6 16. Nd2 Nb5 17. Nf3 Nxd4 18. Nxd4 Bg4 19. Bf3 Bxf3 20. Qxf3 Ne4 21. Nce2
Nd2 22. Qg4 Re4 23. Qh3 Nxf1 24. Rxf1 Qe7 25. Nf3 Re8 26. Nd2 Rxe3 27. Nd4 Re1
28. Kg2 Rxf1 29. Nxf1 Bxd4 30. cxd4 Qe4+ 0-1

[Event "MFR_QT_2015"]
[Site "Nürnberg"]
[Date "2015.04.02"]
[Round "3.16"]
[White "Zeug, Klaus-Peter"]
[Black "Nam, Siwon"]
[Result "1-0"]
[WhiteElo "1613"]
[BlackElo "1250"]
[PlyCount "51"]
[EventDate "2015.??.??"]
[WhiteTeam "SK Nürnberg"]
[BlackTeam "SC NT Nürnberg"]

1. e4 e5 2. Nf3 Nc6 3. Bc4 Bc5 4. b4 Bxb4 5. c3 Bc5 6. d4 exd4 7. cxd4 Nxd4 8.
Nxd4 Bxd4 9. Qxd4 Qf6 10. e5 Qb6 11. Qf4 Nh6 12. O-O O-O 13. Nc3 d6 14. Rb1 Qc6
15. exd6 cxd6 16. Nd5 Bf5 17. Ne7+ Kh8 18. Nxc6 Bxb1 19. Nd4 Rad8 20. Ba3 f6
21. Rxb1 Rd7 22. Be6 Rc7 23. Bxd6 Rcc8 24. Bxc8 Rxc8 25. Rxb7 a5 26. h3 1-0

[Event "MFR_QT_2015"]
[Site "Nürnberg"]
[Date "2015.04.02"]
[Round "3.17"]
[White "Leibel, Georg"]
[Black "Huber, Dominik"]
[Result "1-0"]
[WhiteElo "1221"]
[BlackElo "1087"]
[PlyCount "97"]
[EventDate "2015.??.??"]
[WhiteTeam "SC NT Nürnberg"]
[BlackTeam "SC NT Nürnberg"]

1. e4 e5 2. Nf3 Nc6 3. d4 exd4 4. Nxd4 Bc5 5. Be3 Bxd4 6. Bxd4 f6 7. Bc4 Nge7
8. Qh5+ Ng6 9. Bc3 d6 10. Nd2 Nce5 11. Bxe5 dxe5 12. O-O-O Qe7 13. Nf3 Be6 14.
Bxe6 Qxe6 15. b3 Qf7 16. Rd2 O-O 17. Rhd1 Nf4 18. Qxf7+ Rxf7 19. Rd8+ Rxd8 20.
Rxd8+ Rf8 21. Rd7 Rc8 22. g3 Ne6 23. Nh4 Nc5 24. Re7 Kf8 25. Nf5 g6 26. Rxh7
Kg8 27. Rg7+ Kf8 28. Rxg6 Nxe4 29. f3 Nc3 30. Rxf6+ Kg8 31. Ne7+ Kg7 32. Nxc8
Kxf6 33. Kb2 Nb5 34. a4 Nd6 35. Nxd6 cxd6 36. Kc3 d5 37. h4 a5 38. g4 b6 39.
Kd3 Kg6 40. c3 Kf6 41. b4 Ke6 42. bxa5 bxa5 43. c4 dxc4+ 44. Kxc4 Kd6 45. Kb5
Kc7 46. h5 Kd6 47. h6 Kd5 48. h7 Kd4 49. h8=Q 1-0

[Event "MFR_QT_2015"]
[Site "Nürnberg"]
[Date "2015.04.02"]
[Round "4.1"]
[White "Pidtoptanyy, Igor"]
[Black "Gajewski, Richard"]
[Result "1-0"]
[WhiteElo "1959"]
[BlackElo "1774"]
[PlyCount "99"]
[EventDate "2015.??.??"]
[WhiteTeam "SW Nürnberg Süd"]
[BlackTeam "Gunzenhausen FC"]

1. e4 d5 2. exd5 Qxd5 3. Nc3 Qa5 4. d4 Bf5 5. Nf3 Nc6 6. Bc4 O-O-O 7. O-O e6 8.
Qe2 Nxd4 9. Nxd4 Rxd4 10. Be3 Rg4 11. Nb5 a6 12. Nd4 Rg6 13. Nxf5 Qxf5 14. Bd3
Qf6 15. Bxg6 hxg6 16. Qd2 Bd6 17. g3 Rh5 18. c4 Nh6 19. Bxh6 gxh6 20. b4 b6 21.
a3 Be5 22. Rad1 Bd6 23. Qd3 Rf5 24. c5 bxc5 25. Qxa6+ Kd7 26. b5 Qd8 27. Qc6+
Ke7 28. a4 Qb8 29. Rb1 Qb6 30. Qxb6 cxb6 31. f4 h5 32. Rfd1 Rd5 33. Kg2 Kd7 34.
Kf3 Bc7 35. h3 f5 36. g4 hxg4+ 37. hxg4 fxg4+ 38. Kxg4 Ke7 39. Rxd5 exd5 40. f5
gxf5+ 41. Kxf5 c4 42. Rh1 Bg3 43. Rh6 Bc7 44. Re6+ Kd7 45. Rc6 Bg3 46. Rxb6 d4
47. Rc6 c3 48. Ke4 Bf2 49. Kd3 Be3 50. Rxc3 1-0

[Event "MFR_QT_2015"]
[Site "Nürnberg"]
[Date "2015.04.02"]
[Round "4.2"]
[White "Lais, Thomas"]
[Black "Diller, Andreas"]
[Result "1-0"]
[WhiteElo "1936"]
[BlackElo "1572"]
[PlyCount "51"]
[EventDate "2015.??.??"]
[WhiteTeam "SW Nürnberg Süd"]
[BlackTeam "SK Rothenburg e.V."]

1. e4 e6 2. d4 d5 3. Nc3 Nf6 4. Bg5 Be7 5. e5 Nfd7 6. h4 c5 7. Bxe7 Qxe7 8. Nb5
O-O 9. Nc7 cxd4 10. Nf3 Qb4+ 11. Qd2 Qxb2 12. Rd1 Nc6 13. Nxa8 d3 14. cxd3 Qa3
15. d4 f6 16. Nc7 fxe5 17. Nb5 Qe7 18. dxe5 Nc5 19. Bd3 Nb4 20. Bb1 Bd7 21.
Nbd4 Ne4 22. Qb2 Ba4 23. Rc1 Nc5 24. Qe2 Qc7 25. O-O Qb6 26. Rc3 1-0

[Event "MFR_QT_2015"]
[Site "Nürnberg"]
[Date "2015.04.02"]
[Round "4.3"]
[White "Walter, Manfred"]
[Black "Kuhmann, Peter"]
[Result "1-0"]
[WhiteElo "1729"]
[BlackElo "1969"]
[PlyCount "101"]
[EventDate "2015.??.??"]
[WhiteTeam "SV Lauf"]
[BlackTeam "TSV Kirchehrenbach"]

1. e4 d5 2. exd5 Nf6 3. c4 c6 4. d4 cxd5 5. Nc3 Nc6 6. Nf3 Bg4 7. Bg5 Bxf3 8.
gxf3 dxc4 9. d5 Ne5 10. f4 Nd3+ 11. Bxd3 cxd3 12. Bxf6 exf6 13. Qxd3 Bd6 14.
Qe3+ Qe7 15. O-O-O O-O 16. Qxe7 Bxe7 17. d6 Bd8 18. Nd5 Re8 19. Rhe1 Kf8 20.
Rxe8+ Kxe8 21. d7+ Kf8 22. Rd2 Be7 23. Rc2 Rd8 24. Rc7 b5 25. Rc8 f5 26. Nb4
Bxb4 27. Rxd8+ Ke7 28. Rb8 Kxd7 29. Rxb5 Bd6 30. Rxf5 Ke6 31. Rh5 Bxf4+ 32. Kc2
h6 33. Kd3 f5 34. Rh4 Be5 35. b4 f4 36. Ke4 Bc7 37. Rxf4 Bxf4 38. Kxf4 Kd5 39.
Kf5 Kc4 40. Kg6 Kxb4 41. Kxg7 a5 42. f4 Ka3 43. f5 Kxa2 44. f6 a4 45. f7 a3 46.
f8=Q Kb2 47. Kxh6 a2 48. Qf6+ Kb1 49. h4 a1=Q 50. Qxa1+ Kxa1 51. Kg7 1-0

[Event "MFR_QT_2015"]
[Site "Nürnberg"]
[Date "2015.04.02"]
[Round "4.4"]
[White "Babichev, Vyacheslav"]
[Black "Birkmann, Günther"]
[Result "0-1"]
[WhiteElo "1830"]
[BlackElo "2052"]
[PlyCount "70"]
[EventDate "2015.??.??"]
[WhiteTeam "SW Nürnberg Süd"]
[BlackTeam "SK Zirndorf e.V."]

1. b3 d5 2. Bb2 Nf6 3. g3 c6 4. Bg2 Bf5 5. d3 e6 6. Nf3 h6 7. O-O Be7 8. Nbd2
O-O 9. Re1 Bh7 10. a3 a5 11. h3 Na6 12. e4 b5 13. Ne5 Rc8 14. Ng4 Nxg4 15. Qxg4
Bf6 16. e5 Be7 17. Qe2 c5 18. Rac1 Qb6 19. Kh2 c4 20. Nb1 cxd3 21. cxd3 Nc5 22.
Bd4 Qa6 23. Bxc5 Bxc5 24. Qd2 Bd4 25. Qf4 Qb6 26. Bf1 Bxf2 27. Red1 Be3 28.
Rxc8 Rxc8 29. Qf3 Rc2+ 30. Be2 Qd4 31. Rf1 Bxd3 32. Qxf7+ Kh7 33. Kh1 Rxe2 34.
Rf6 Be4+ 35. Rf3 Qd1# 0-1

[Event "MFR_QT_2015"]
[Site "Nürnberg"]
[Date "2015.04.02"]
[Round "4.5"]
[White "Chowdhury, Sandip"]
[Black "Süß, Helmut"]
[Result "0-1"]
[WhiteElo "1540"]
[BlackElo "1955"]
[PlyCount "98"]
[EventDate "2015.??.??"]
[WhiteTeam "SC NT Nürnberg"]
[BlackTeam "SC NT Nürnberg"]

1. e4 d5 2. exd5 Qxd5 3. Nf3 Bf5 4. d4 c6 5. c4 Qd8 6. Nc3 e6 7. Bd3 Bxd3 8.
Qxd3 Nf6 9. O-O Be7 10. Re1 Nbd7 11. Bf4 Nh5 12. Bd2 Nhf6 13. Ne4 Nxe4 14. Rxe4
Nc5 15. Qe3 Nxe4 16. Qxe4 Bf6 17. Ne5 Bxe5 18. Qxe5 Qf6 19. Bb4 Qxe5 20. dxe5
Rd8 21. Bd6 f6 22. f4 f5 23. c5 h5 24. h4 Rd7 25. Rc1 Kf7 26. Kf2 Rc8 27. Rb1
b6 28. b4 Rb7 29. Rc1 bxc5 30. Bxc5 a5 31. a3 axb4 32. axb4 Ra8 33. Bd6 Ra6 34.
Ke3 Ke8 35. Rc3 Rba7 36. Rc4 Ra3+ 37. Kf2 Ra2+ 38. Kg1 R7a6 39. b5 cxb5 40.
Rc8+ Kf7 41. Rf8+ Kg6 42. Rg8 Ra8 43. Bf8 Kf7 44. Rxg7+ Kxf8 45. Rh7 R8a7 46.
Rh8+ Kg7 47. Rxh5 b4 48. Rg5+ Kf8 49. Rg3 Rg7 0-1

[Event "MFR_QT_2015"]
[Site "Nürnberg"]
[Date "2015.04.02"]
[Round "4.6"]
[White "Häßlein, Rainer"]
[Black "Hoffmann, Sebastian"]
[Result "0-1"]
[WhiteElo "1510"]
[BlackElo "1796"]
[PlyCount "54"]
[EventDate "2015.??.??"]
[WhiteTeam "Wolframs-Eschenbach"]
[BlackTeam "SC NT Nürnberg"]

1. d4 d5 2. c4 e5 3. dxe5 d4 4. e3 Bb4+ 5. Bd2 dxe3 6. Qa4+ Bd7 7. Qxb4 exd2+
8. Qxd2 Nc6 9. Nf3 Qe7 10. Be2 Nxe5 11. O-O O-O-O 12. Nxe5 Qxe5 13. Qc3 Qxe2
14. Qxg7 Ne7 15. Nc3 Qxc4 16. Rac1 Rdg8 17. Qe5 Bc6 18. g3 Re8 19. Rfe1 Ng6 20.
Qf5+ Kb8 21. Red1 Nh4 22. Qd3 Nf3+ 23. Kf1 Nxh2+ 24. Kg1 Nf3+ 25. Kf1 Qe6 26.
Ne4 Bxe4 27. Qc3 Bc6 0-1

[Event "MFR_QT_2015"]
[Site "Nürnberg"]
[Date "2015.04.02"]
[Round "4.7"]
[White "Schanz, Karlheinz"]
[Black "Weißmann, Peter"]
[Result "0-1"]
[WhiteElo "1905"]
[BlackElo "1795"]
[PlyCount "56"]
[EventDate "2015.??.??"]
[WhiteTeam "SC Mühlh.-Reichelsdorf"]
[BlackTeam "SK Zirndorf"]

1. e4 c5 2. Nf3 Nc6 3. Bb5 g6 4. O-O Bg7 5. c3 d5 6. d3 dxe4 7. dxe4 Qb6 8. Be2
Bg4 9. Qc2 Qc7 10. Be3 Bxf3 11. Bxf3 Ne5 12. Be2 a6 13. a4 Nf6 14. h3 Qc6 15.
f4 Ned7 16. Nd2 O-O 17. Bf3 e5 18. f5 b5 19. g4 c4 20. g5 Nh5 21. Bxh5 gxh5 22.
f6 Bh8 23. h4 Nc5 24. axb5 axb5 25. Rxa8 Rxa8 26. Kg2 Nd3 27. b3 Qe6 28. Rf5
Ne1+ 0-1